|
|
|
|
| LEADER |
00000nam a2200000 a 4500 |
| 001 |
vtls001417384 |
| 003 |
SK-MaSNL |
| 005 |
20260301012656.0 |
| 008 |
240315s2001 xo a r y slo |
| 015 |
|
|
|a SNBA2002/02-00608
|
| 020 |
|
|
|a 808041369X
|
| 035 |
|
|
|a SNK000372163
|
| 035 |
|
|
|a urn:nbn:sk:snk-amk6dm
|
| 035 |
|
|
|a urn:nbn:sk:snk-am004p79
|
| 035 |
|
|
|a 8CED4D7E-DEC0-494F-BB3E-73AAE34C501B
|
| 040 |
|
|
|a SNK
|b slo
|c SNK
|e AACR2
|
| 041 |
0 |
|
|a slo
|
| 044 |
|
|
|a xo
|c SK
|
| 080 |
|
|
|a 371.382:792.077-053.5(072)
|2 1981
|
| 080 |
|
|
|a 792.077-053.5(072)
|2 1981
|
| 100 |
1 |
|
|a Stanovský, Eduard,
|d 1937-2012
|4 aut
|9 22083
|
| 245 |
1 |
0 |
|a Detské divadlo a dramatická hra ako divadlo
|b čo s voľným časom 5
|c Eduard Stanovský, Jozef Sabol
|
| 260 |
|
|
|a Banská Bystrica
|b Metodické centrum
|c 2001
|
| 300 |
|
|
|a 44 s.
|c 21 cm
|
| 500 |
|
|
|a 260 výt.
|
| 504 |
|
|
|a Bibliogr. s.44
|
| 650 |
0 |
7 |
|a detské divadlo
|x vyučovanie
|x príručky
|2 SNK
|9 66081
|
| 650 |
0 |
7 |
|a výchova dramatická
|x príručky
|2 SNK
|9 287502
|
| 655 |
|
7 |
|a príručky
|2 SNK
|9 74364
|
| 700 |
1 |
|
|a Sabol, Jozef
|c (PhDr.)
|4 aut
|9 248595
|
| 919 |
|
|
|a 80-8041-369-X
|
| 958 |
|
|
|a OND
|
| 958 |
|
|
|a TL
|
| 958 |
|
|
|a NB
|
| 958 |
|
|
|a BQ
|
| 999 |
|
|
|c 554127
|d 556057
|
| 952 |
|
|
|t P60, <03>, [BOOK], {603}
|a SNK
|b SNK
|y PREZ
|7 0
|p 17A0308397
|o snkSC 105451
|i snkKSP 8605/2001
|0 0
|1 0
|4 0
|d 2001-07-25
|f 1
|l 0
|r 2025-09-26 00:00:00
|w 2026-02-23
|
| 952 |
|
|
|t P60, <04>, [BOOK], {604}
|a SNK
|b SNK
|y VYP
|7 0
|p 17A0308398
|o snkSC 105451 D1
|i snkKSP 8606/2001
|0 0
|1 0
|4 0
|d 2001-07-25
|l 0
|r 2005-01-02 00:00:00
|w 2026-02-23
|